| 000 | 00344nam a22001457a 4500 | ||
|---|---|---|---|
| 008 | 221102b ||||| |||| 00| 0 eng d | ||
| 020 | _a9781429278515 | ||
| 041 | _aeng | ||
| 080 |
_2THIRD EDITION _a330 |
||
| 082 | _a330 | ||
| 100 | _a23.2 | ||
| 101 | _aECO | ||
| 245 |
_aESSENTIALS OF INTERNATIONAL ECONOMICS _cFEENSTRA R |
||
| 942 |
_2udc _cBK |
||
| 999 |
_c58719 _d58719 |
||